<?xml version="1.0" encoding="UTF-8"?>
<record
    xmlns:xsi="http://www.w3.org/2001/XMLSchema-instance"
    xsi:schemaLocation="http://www.loc.gov/MARC21/slim http://www.loc.gov/standards/marcxml/schema/MARC21slim.xsd"
    xmlns="http://www.loc.gov/MARC21/slim">

  <leader>00993cam a2200289u  4500</leader>
  <controlfield tag="001">11707</controlfield>
  <controlfield tag="003">BD-RjUL</controlfield>
  <controlfield tag="005">20211208235153.0</controlfield>
  <controlfield tag="008">140127t1967    ne a          100 0 eng</controlfield>
  <datafield tag="035" ind1=" " ind2=" ">
    <subfield code="a">(BD-RjUL)11756</subfield>
  </datafield>
  <datafield tag="040" ind1=" " ind2=" ">
    <subfield code="a">DLC</subfield>
    <subfield code="c">CarP</subfield>
    <subfield code="d">DLC</subfield>
    <subfield code="d">BD-RjUL</subfield>
    <subfield code="b">eng</subfield>
  </datafield>
  <datafield tag="041" ind1=" " ind2=" ">
    <subfield code="a">eng</subfield>
  </datafield>
  <datafield tag="082" ind1="0" ind2="4">
    <subfield code="2">16</subfield>
    <subfield code="a">573.4</subfield>
    <subfield code="b">CON 1967</subfield>
  </datafield>
  <datafield tag="111" ind1="2" ind2=" ">
    <subfield code="a">Nobel Conference,</subfield>
    <subfield code="n">2d,</subfield>
    <subfield code="c">Gustavus Adolphus College,</subfield>
    <subfield code="d">1966. [from old catalog]</subfield>
    <subfield code="9">36220</subfield>
  </datafield>
  <datafield tag="245" ind1="1" ind2="4">
    <subfield code="a">The control of environment /</subfield>
    <subfield code="c">edited by John D. Roslansky.</subfield>
  </datafield>
  <datafield tag="260" ind1=" " ind2=" ">
    <subfield code="a">Amsterdam :</subfield>
    <subfield code="b">North-Holland Pub. Co.,</subfield>
    <subfield code="c">1967.</subfield>
  </datafield>
  <datafield tag="300" ind1=" " ind2=" ">
    <subfield code="a">x, 112 p. :</subfield>
    <subfield code="c">23 cm.</subfield>
    <subfield code="b"> illus. ;</subfield>
  </datafield>
  <datafield tag="650" ind1=" " ind2="0">
    <subfield code="a">Nature</subfield>
    <subfield code="x">Effect of human beings on.</subfield>
    <subfield code="9">5215</subfield>
  </datafield>
  <datafield tag="650" ind1=" " ind2="0">
    <subfield code="a">Human beings</subfield>
    <subfield code="x">Effect of environment on.</subfield>
    <subfield code="9">32921</subfield>
  </datafield>
  <datafield tag="650" ind1=" " ind2="0">
    <subfield code="a">Social problems.</subfield>
    <subfield code="9">36221</subfield>
  </datafield>
  <datafield tag="700" ind1="1" ind2=" ">
    <subfield code="a">Roslansky, John D., [from old catalog]</subfield>
    <subfield code="e">ed.</subfield>
    <subfield code="9">36222</subfield>
  </datafield>
  <datafield tag="700" ind1="1" ind2=" ">
    <subfield code="a">Freeman, Orville L.</subfield>
    <subfield code="9">36223</subfield>
  </datafield>
  <datafield tag="710" ind1="2" ind2=" ">
    <subfield code="a">Gustavus Adolphus College.</subfield>
    <subfield code="9">36224</subfield>
  </datafield>
  <datafield tag="942" ind1=" " ind2=" ">
    <subfield code="2">ddc</subfield>
    <subfield code="c">BK</subfield>
  </datafield>
  <datafield tag="999" ind1=" " ind2=" ">
    <subfield code="c">11707</subfield>
    <subfield code="d">11707</subfield>
  </datafield>
  <datafield tag="952" ind1=" " ind2=" ">
    <subfield code="0">0</subfield>
    <subfield code="1">0</subfield>
    <subfield code="2">ddc</subfield>
    <subfield code="4">0</subfield>
    <subfield code="7">1</subfield>
    <subfield code="8">NFIC</subfield>
    <subfield code="a">RUCL</subfield>
    <subfield code="b">RUCL</subfield>
    <subfield code="c">Reading</subfield>
    <subfield code="d">1970-07-04</subfield>
    <subfield code="e">Book view </subfield>
    <subfield code="g">33.75</subfield>
    <subfield code="l">0</subfield>
    <subfield code="o">573.4 CON 1967</subfield>
    <subfield code="r">2014-01-27 00:00:00</subfield>
    <subfield code="t">C-1</subfield>
    <subfield code="w">2014-01-27</subfield>
    <subfield code="y">BK</subfield>
  </datafield>
</record>
